Obálka Náhled e-knihy:
PDF Epub
Pro půjčování e-knih musíte být přihlášeni.
Jak si půjčit online?

Majonéza k snídani /

Psychologický milostný román, jehož hrdinka lásku spíše zkoumá než prožívá.

Uloženo v:
Hlavní autor: Lukášková, Markéta, 1988- (Autor)
Médium: E-kniha
Jazyk:Czech
Vydáno: Praha : Motto, 2021
Vydání:Vydání první
Témata:
Tagy:
Žádné tagy
LEADER 02089cam a2200385 i 4500
001 311387
003 CZ PrSKC
005 20260601215704.0
007 ta
008 210901s2021 xr g 000 f cze d
015 |a cnb003349846 
020 |a 9788026720805  |q (vázáno) :  |c Kč 399,00 
035 |a (OCoLC)1078647399 
035 |a (OCoLC)1284973145 
040 |a CBA001  |b cze  |d ABG001  |d ABA001  |e rda 
072 7 |a 821.162.3-3  |x Česká próza  |2 Konspekt 
080 |a 821.162.3-31  |2 MRF 
080 |a (0:82-31)  |2 MRF 
100 1 |a Lukášková, Markéta,  |d 1988-  |7 ola2017970705  |4 aut 
245 1 0 |a Majonéza k snídani /  |c Markéta Lukášková 
250 |a Vydání první 
264 1 |a Praha :  |b Motto,  |c 2021 
300 |a 341 stran ;  |c 19 cm 
336 |a text  |b txt  |2 rdacontent 
337 |a bez média  |b n  |2 rdamedia 
338 |a svazek  |b nc  |2 rdacarrier 
520 2 |a Psychologický milostný román, jehož hrdinka lásku spíše zkoumá než prožívá.  |b Ema měla s emocemi vždycky problém. Místo, aby je prožívala, raději je pitvá a sama si drží odstup i nadhled. Nejvíc ze všeho chce analyzovat lásku. Co je vlastně zač a proč třeba jejím rodičům zmizela? Proč zůstává tichá babička s despotickým dědou? Proč si její nejlepší kamarád nepřizná, kam ho táhne jeho srdce? Některé věci ale pochopíte jen tak, že se do nich namočíte, a proto se sama pustí do vztahového experimentu - na své první lásce. Nakladatelská anotace. 
655 7 |a české romány  |7 fd133974  |2 czenas 
655 9 |a Czech fiction  |2 eczenas 
900 |a ABA001  |b 19 
928 9 |a Albatros Media - Motto 
044 |a xr 
910 |a RBIT002 
998 |d 334123  |a https://core.palmknihy.cz/api/books/334123/cover?si6wm1  |b https://core.palmknihy.cz/api/books/334123/cover/400?si6wm1  |c https://core.palmknihy.cz/api/books/334123/cover/50?si6wm1  |e 2031-12-31  |g 344  |i 9788026720805  |j https://core.palmknihy.cz/api/books/334123/preview.epub  |k https://core.palmknihy.cz/api/books/334123/preview.pdf  |l   |q 49  |r 1  |s https://www.palmknihy.cz/kniha/334123  |t ebook  |y 2021  |z 0 
999 |d 311385